Une sépulture des anciens Troglodytes des Pyrénées superposée à un foyer contenant des débris humains associés à des dents sculptées de Lion et d'Ours / (Record no. 157160)

MARC details
000 -LEADER
campo de control de longitud fija 00807nam a2200181 i 4500
001 - NÚMERO DE CONTROL
campo de control 157160
003 - IDENTIFICADOR DE NÚMERO DE CONTROL
campo de control ES-MaACL
005 - FECHA Y HORA DE LA ÚLTIMA TRANSACCIÓN
campo de control 20230906210613.0
008 - DATOS DE LONGITUD FIJA--INFORMACIÓN GENERAL
campo de control de longitud fija 021219s1874 fr a |||| | fre d
040 ## - FUENTE DE CATALOGACIÓN
Centro catalogador/agencia de origen CCPB | B
Lengua de catalogación spa
Centro/agencia transcriptor CCPB | B
100 1# - ENTRADA PRINCIPAL--NOMBRE DE PERSONA
Nombre de persona Lartet, Louis.
9 (RLIN) 70381
245 14 - MENCIÓN DEL TÍTULO
Título Une sépulture des anciens Troglodytes des Pyrénées superposée à un foyer contenant des débris humains associés à des dents sculptées de Lion et d'Ours /
Mención de responsabilidad, etc. par Louis Lartet et Chaplain Duparc.
260 ## - PUBLICACIÓN, DISTRIBUCIÓN, ETC.
Lugar de publicación, distribución, etc. Paris :
Nombre del editor, distribuidor, etc. G. Masson,
Fecha de publicación, distribución, etc. 1874 (
Lugar de fabricación/manufactura Toulouse :
Fabricante Typographie Bonnal et Gibrac)
300 ## - DESCRIPCIÓN FÍSICA
Extensión 67 p. :
Otras características físicas il. ;
Dimensiones 22 cm.
500 ## - NOTA GENERAL
Nota general Descripción basada en la cub.
700 1# - ENTRADA AGREGADA--NOMBRE PERSONAL
Nombre de persona Duparc, Chaplain.
9 (RLIN) 170330
852 ## - LOCALIZACIÓN
Ubicación ES-MaACL
Número de control de estantería T-904-F-3
Nota libre -- Enc. hol., conservando la enc. original
-- -- Enc. en un vol. facticio
Holdings
Estatus retirado Estado de pérdida Estado de daño No para préstamo Colección Biblioteca de origen Biblioteca actual Ubicación en estantería Fecha de adquisición Total de préstamos Signatura topográfica completa Código de barras Visto por última vez Precio de reemplazo Tipo de ítem Koha
        Colección de folletos Biblioteca del Ateneo de Madrid Biblioteca del Ateneo de Madrid Depósito folletos 17/01/2008   T-904-F-3 1164436 23/02/2023 23/02/2023 Folleto